Истинность норм советского права: проблемы теории и практики

Bibliographic Details
Main Author: Баранов В. М. Владимир Михайлович
Other Authors: Байтин М. И. (редактор)
Language:Russian
Published: Саратов, Изд-во Саратовского ун-та, 1989
Subjects:
Format: Book
KOHA link:https://koha.lib.tpu.ru/cgi-bin/koha/opac-detail.pl?biblionumber=253602

MARC

LEADER 00000nam0a2200000 4500
001 253602
005 20231101232847.0
010 |a 5292007390 
020 |a RU  |b 89-44629 
035 |a (RuTPU)RU\TPU\book\275999 
090 |a 253602 
100 |a 20140314d1989 k a0rusy5003 ca 
101 0 |a rus 
102 |a RU 
105 |a y z 001zy 
200 1 |a Истинность норм советского права  |e проблемы теории и практики  |f В. М. Баранов  |g под ред. М. И. Байтина 
210 |a Саратов  |c Изд-во Саратовского ун-та  |d 1989 
215 |a 400 с. 
606 1 |a Правоведение  |2 stltpush  |3 (RuTPU)RU\TPU\subj\67407  |9 83220 
610 1 |a правовые нормы 
610 1 |a советское право 
610 1 |a теория 
610 1 |a практика 
610 1 |a истинность 
610 1 |a динамизм 
686 |a Х620  |2 rubbk 
700 1 |a Баранов  |b В. М.  |g Владимир Михайлович 
702 1 |a Байтин  |b М. И.  |4 340 
801 0 |a RU  |b RuMRKP  |c 19950417  |g psbo 
801 1 |a RU  |b 63413507  |c 20140314 
801 2 |a RU  |b 63413507  |c 20140505  |g RCR 
942 |c BK